000
00319nam a22001337a 4500
008
180917b xxu||||| |||| 00| 0 eng d
041
_a
eng
080
_a
159.9
082
_a
159.9
100
_a
48
101
_a
PSI
245
_a
The Process of Model-Building the Behavioral Sciences
_c
Stogdill,R.M
942
_2
udc
_c
BK
999
_c
47847
_d
47847